| 000 | 01044nam a2200205 4500 | ||
|---|---|---|---|
| 001 | 121635 | ||
| 003 | ES-MaACL | ||
| 005 | 20251201193354.0 | ||
| 007 | t| | ||
| 008 | 070214n19001999sp r ||||1| spa d | ||
| 100 | 0 |
_aPlatón. _992598 |
|
| 245 | 1 | 0 |
_aDiálogos / _cPlatón ; traducción, noticias preliminares, notas y estampa socrática de Juan B. Bergua. |
| 250 | _a6ª ed., rev., corr. y mejorada. | ||
| 260 |
_aMadrid : _bEdiciones Ibéricas, _c[19__?] |
||
| 300 |
_a7 t. ; _c16 cm. |
||
| 505 | 8 | _aContiene: t. I: Apología de Sócrates ; Kriton ; Entifron ; Primer Hippias ; Laches ; Charmides ; Lisis ; ALkibiades ; Ión --- v. II: Segundo Hippias ; Protágoras ; Eutidemos ; Gorgias --- v. III: Menexenos ; Menon ; Krátilos ; Faidros --- v. V: La República --- v. VI: Parménides ; Teaitetos Sofista ; Políticos --- v. VIII: Las Leyes ; Epinomio --- V. IX: Diálogos dudosos --- [Faltan los v. IV y VII] | |
| 700 | 1 |
_aBergua, Juan B., _d1892-1991 _928018 |
|
| 852 |
_aES-MaACL _jE-3844-50 _bR.40035 |
||
| 999 |
_c121635 _d121635 |
||